[Event "Moscow Aeroflot op-A 16th"]
[Site "Moscow"]
[Date "2017.02.28"]
[Round "8"]
[White "Kamsky, Gata"]
[Black "Tari, Aryan"]
[Result "1-0"]
[WhiteElo "2669"]
[BlackElo "2596"]
[PlyCount "65"]
[EventDate "2017.02.21"]
[EventType "swiss"]
[EventRounds "9"]
[EventCountry "RUS"]
[SourceTitle "CBM 177"]
[Source "ChessBase"]
[SourceDate "2017.03.16"]
[SourceVersion "1"]
[SourceVersionDate "2017.03.16"]
[SourceQuality "1"]

1. g3 d5 2. Bg2 g6 3. f4 Bg7 4. Nf3 Nf6 5. O-O O-O 6. d3 c5 7. c3 Nc6 8. Na3
Qc7 9. Qc2 e5 10. Nxe5 Nxe5 11. Nb5 Qb6 12. fxe5 Ng4 13. Na3 Be6 14. Qb3 Qxb3
15. axb3 Nxe5 16. Nb5 Nc6 17. Bf4 a6 18. Nc7 Rad8 19. Be3 d4 20. Nxe6 fxe6 21.
Bd2 Rxf1+ 22. Kxf1 Rc8 23. Be4 Kf7 24. Kg2 Ke7 25. h4 Bf6 26. c4 Kd7 27. Rh1 b6
28. h5 Rg8 29. Rf1 Be5 30. Rf7+ Kd6 31. h6 Ne7 32. Bg5 Nf5 33. g4 1-0

[Event "Moscow Aeroflot op-A 16th"]
[Site "Moscow"]
[Date "2017.03.01"]
[Round "9"]
[White "Jumabayev, Rinat"]
[Black "Kamsky, Gata"]
[Result "0-1"]
[WhiteElo "2611"]
[BlackElo "2669"]
[PlyCount "73"]
[EventDate "2017.02.21"]
[EventType "swiss"]
[EventRounds "9"]
[EventCountry "RUS"]
[SourceTitle "CBM 177"]
[Source "ChessBase"]
[SourceDate "2017.03.16"]
[SourceVersion "1"]
[SourceVersionDate "2017.03.16"]
[SourceQuality "1"]

1. e4 c5 2. Nf3 Nc6 3. Bb5 g6 4. Bxc6 bxc6 5. O-O Bg7 6. Re1 Nh6 7. c3 O-O 8.
h3 f5 9. e5 Nf7 10. d3 Rb8 11. b3 Qc7 12. Bf4 h6 13. h4 c4 14. dxc4 c5 15. Qd2
e6 16. Qe3 Bb7 17. Nbd2 a5 18. Rab1 Qc6 19. Kf1 d6 20. Ke2 Rbd8 21. g3 Qd7 22.
Kf1 dxe5 23. Bxe5 Nxe5 24. Nxe5 Qxd2 25. Nxg6 Qxe3 26. Rxe3 Rfe8 27. Rbe1 Kf7
28. Ne5+ Kf6 29. Nd3 Bf8 30. f3 Bd6 31. g4 f4 32. Re4 Bxe4 33. Rxe4 h5 34. g5+
Kf5 35. Ke2 Rd7 36. Kd1 Bb8 37. Kc1 0-1

[Event "USA-ch"]
[Site "Saint Louis"]
[Date "2017.03.30"]
[Round "2"]
[White "Kamsky, Gata"]
[Black "Akobian, Varuzhan"]
[Result "0-1"]
[WhiteElo "2659"]
[BlackElo "2645"]
[Annotator "Sadorra,J"]
[PlyCount "50"]
[EventDate "2017.03.29"]
[EventType "tourn"]
[EventRounds "11"]
[EventCountry "USA"]
[EventCategory "18"]
[SourceTitle "CBM 178"]
[Source "ChessBase"]
[SourceDate "2017.05.14"]
[SourceVersion "1"]
[SourceVersionDate "2017.05.14"]
[SourceQuality "1"]

1. e4 e6 2. d4 d5 3. Nd2 c5 4. Ngf3 cxd4 5. exd5 Qxd5 6. Bc4 Qd6 7. O-O Nc6 8.
Re1 $5 {This move order already shows Gata's desire to obtain a fresh position
on the board.} ({The mainline usually starts first with taking back the
d4-pawn:} 8. Nb3 Nf6 9. Nbxd4 Nxd4 10. Nxd4 a6 11. Re1 Qc7 {theory branches
out here, and I will only examine a recent game from the solid bishop to f1
idea.} 12. Bf1 $5 {planning to bring the bishop later to the h1-a8 diagonal.} (
12. Qe2 {is the old mainline which is still very playable.}) (12. Bb3) 12...
Be7 {the more solid move} (12... Bd6 {is worse:} 13. g3 O-O 14. Bg5 Be5 15. c3
Nd5 16. Bg2 $14 {1-0 (59) Almasi,Z (2684)-Radjabov,T (2722) Baku 2016; is
easier to play for White in practice. For more ideas in the ensuing middlegame
check Almasi's annotations in his win in CBM 175.}) 13. Qf3 O-O 14. Bf4 Bd6 15.
Bxd6 Qxd6 16. Rad1 Qc7 17. Qg3 $1 {White has other possibilities here but I
believe this is the best way to fight for an edge. Black should objectively be
able to hold in the ending, but White can try to apply some pressure with his
queenside majority.} (17. c4) (17. Re3 $5) 17... Qxg3 18. hxg3 Bd7 19. Nf3 Rfd8
(19... Rfc8 20. Ne5 Be8 21. c4 Kf8 22. g4 h6 23. f4 Ke7 24. Be2 (24. g5 $6 hxg5
25. fxg5 Nd7) 24... Rd8 (24... Nd7 25. Nf3 $1 Nc5 26. Nd4 {[%cal Gb2b4]} a5 27.
Bf3 Rc7 28. f5 $36) 25. Bf3 Rab8 26. Kf2 Nd7 $11) 20. Ne5 Be8 21. Be2 Rac8 22.
Rxd8 Rxd8 23. Rd1 Rc8 24. c4 Kf8 $11 {1-0 (58) Idani,P (2573)-Sargissian,G 
(2666) Dubai UAE 2017}) 8... Nf6 9. Nb3 a6 10. a4 {Stopping b5 expansion later,
but I don't think it causes Black any real problems. The last time this was
played by a GM was in 2001!} (10. Nbxd4 Nxd4 11. Nxd4 {leads to the mainline
as mentioned earlier.}) 10... Be7 11. Nbxd4 Nxd4 12. Nxd4 O-O 13. b3 (13. c3
Qc7 14. Bd3 Bd6 15. g3 b6 16. Bg5 Be7 17. Bf4 Qd7 18. Bc4 Nd5 19. Nf5 Bc5 20.
Be5 f6 21. Bd6 Rf7 22. Bxc5 bxc5 23. Rxe6 Qxe6 24. Bxd5 Qxf5 25. Bxa8 Be6 26.
Qe2 Rd7 27. Re1 Kf7 28. Be4 Qg4 29. Qxa6 Rd1 30. Qa7+ Ke8 31. Bc6+ Kd8 32. Qb6+
Kc8 33. Qb7+ Kd8 34. Rxd1+ Qxd1+ 35. Kg2 Bc4 36. Qb8+ {1-0 (36) Ivanov,A (2582)
-Formanek,E (2293) Philadelphia 2001}) 13... Rd8 14. Bb2 Qc5 $1 $146 {A
logical novelty, which was most probably created otb. It puts pressure on the
centre and prevents White's harmonious development with queen to e2, queenside
rook to d1.} (14... Qc7 15. Qe2 Nd5 16. Nf3 $1 Bf6 17. Be5 $1 Bxe5 18. Qxe5
Qxe5 19. Nxe5 Nf6 20. Rad1 Bd7 {1-0 (49) Tomescu,V (2450)-Luciani,V (2140)
Palermo 2000} 21. Be2 $1 (21. Rd6 $6 b5 $1) 21... Rac8 (21... Rab8 22. Bf3) 22.
Bf3 $14) (14... Qf4 $1 {with the same idea.}) 15. Qd3 h6 $1 {A useful,
prophylactic move.} (15... b6 $2 {gives White control and a long-term
advantage.} 16. Qf3 Rb8 17. Nc6 Bb7 18. Nxe7+ Qxe7 19. Qg3 $16) (15... Qc7 16.
Rad1) ({Var probably didn't like this due to the natural line} 15... e5 16. Ba3
Qc7 17. Bxe7 Qxe7 18. Qe3 Re8 (18... Ng4 $1 {this is the only way to hold and
has to be foreseen before playing e6-e5} 19. Qe4 Nf6 $11) 19. Nf3 $1 e4 (19...
Ng4 20. Qe2 {The knight on g4 is unstable.}) 20. Ng5 $1 $16) 16. h3 Qc7 17. Qe2
Bb4 $1 {Actively getting out of the pin.} ({Black still cannot play} 17... b6
18. Nf5 $1 $16) (17... Bd7 18. Nf5 $16) 18. Red1 (18. c3 {is simply terrible
for White's harmony.} Bd6 $15) 18... Bd7 {Black has finished development and
has equalized.} (18... b6 $2 19. Nxe6 fxe6 20. Bxf6 gxf6 21. Qe4 $1 Ra7 22.
Qg6+ Kf8 23. Qxf6+ Ke8 24. Bxe6 Bxe6 25. Qxe6+ Qe7 26. Qg6+ $1 Kf8 (26... Qf7
27. Rxd8+ Kxd8 28. Qxb6+) 27. Qxh6+ $18) 19. Rd3 $5 {Gata starts to show
aggressive intentions by introducing a rook-lift on the kingside.} (19. Nf3 {
was more circumspect.}) 19... e5 $1 {Var correctly reacts by starting play in
the centre even before White makes real threats around his king. This must
have been either missed or underestimated by Gata as the ensuing positions
require accuracy for him to even keep the balance.} 20. Nf3 e4 21. Bxf6 exd3
22. Bxd8 $4 {As the multiple-time US Champ remarked in the post-game interview:
"It just happened."} ({The only way to continue the fight in this complex
position is} 22. Qe4 $1 Qd6 $1 {now here are some sample lines to show the
resourcefulness and accuracy required from both players:} (22... dxc2 $4 23.
Qg6) (22... gxf6 $4 23. Qg6+ Kh8 24. Qxh6+ Kg8 25. Qg6+ Kh8 26. Qxf6+ Kg8 27.
Qxf7+ Kh8 28. Qf6+ Kh7 29. Ng5#) (22... Bc6 23. Qg4 $1 (23. Qg6 Bf8 24. Bxd8
Rxd8 $19 25. Ne5 {is refuted by the simple} (25. cxd3 Bxf3 26. gxf3 Qxc4) 25...
Bd5 $1) 23... Bf8 24. Bxd8 Rxd8 25. Bxd3 $14) 23. Bxd8 dxc2 (23... d2 $5 24.
Nxd2 Rxd8 25. Nf3 $14) 24. Ne5 $5 (24. Qxc2 Rxd8 25. Rd1 Qe7 26. Bd5 $11) (24.
Bd3 Rxd8 25. Bxc2 (25. Qh7+ $6 Kf8 26. Bxc2 Qf6 27. Rd1 Ba5 $15 {Black has
better piece coordination.}) 25... Bc6 26. Qh7+ Kf8 27. Qh8+ Ke7 28. Qxg7 Bxf3
29. gxf3 Qf6 30. Qxf6+ Kxf6 $11) 24... Qd1+ 25. Kh2 Be6 $1 {Trading off an
attacking piece seems most logical and safest.} (25... Qxa1 26. Bxf7+ Kf8 27.
Qxb4#) (25... Bd6 $6 26. Bf6 Re8 $5 (26... Qxa1 27. Bxf7+ Kf8 28. Bxg7+ Kxg7
29. Qg6+ Kf8 30. Qxd6+ Kg7 31. Bd5 $1 $18) (26... Be6 27. Bxe6 fxe6 28. Qg6 Bf8
29. Ng4 $18) 27. Bxf7+ (27. Qg6 Bxe5+ 28. Bxe5 Rxe5 29. Qxf7+ Kh7 30. Qg8+ Kg6
31. Bf7+ (31. Qf7+ Kh7 $11) 31... Kf6 (31... Kf5 32. Qxg7 Re6 33. Bxe6+ Bxe6
34. g4+ Ke4 35. Qxb7+ Kd3 (35... Kd4 36. Qb6+ Ke5 37. Qe3+ Kd6 38. Rc1 $18) 36.
Qxa6+) 32. Qf8 Qxa1 33. Bg8+ Kg5 34. Qxg7+ Kf5 35. Qxd7+ (35. Qf7+ Ke4 36. Qc4+
Qd4)) 27... Kf8 28. Bxg7+ Kxg7 29. Qg6+ Kf8 30. Qxh6+ (30. Qxd6+ Qxd6) 30...
Ke7 31. Qh4+ Kf8 32. Qh6+ $11) 26. Bxe6 fxe6 27. Rxd1 cxd1=Q 28. Bf6 $1 Bf8 (
28... Bd6 29. Qxb7 $1 $18) 29. Qxb7 Qd2 $1 30. Qxa8 Qf4+ 31. Kg1 Qc1+ 32. Kh2
Qf4+ $11) 22... Qxc4 {Gata was only expecting a recapture on d8, and missed
this other forcing move which quickly decides the game in Black's favour. Thus,
White resigned.} (22... Rxd8 23. Bxd3 $14 {White is up material, but it won't
be easy to convert due to Black's bishop pair and strong dark-square control.})
{A possible continuation could've been:} 23. bxc4 (23. Qe5 Qc3 24. Bc7 dxc2 $19
) 23... dxe2 24. Bb6 Re8 25. Ne1 Bxa4 $18 ({or} 25... Bc3 26. Rc1 Bxa4) 0-1

[Event "USA-ch"]
[Site "Saint Louis"]
[Date "2017.03.31"]
[Round "3"]
[White "Robson, Ray"]
[Black "Kamsky, Gata"]
[Result "0-1"]
[WhiteElo "2668"]
[BlackElo "2659"]
[Annotator "Yermolinsky,A"]
[PlyCount "115"]
[EventDate "2017.03.29"]
[EventType "tourn"]
[EventRounds "11"]
[EventCountry "USA"]
[EventCategory "18"]
[SourceTitle "CBM 178"]
[Source "ChessBase"]
[SourceDate "2017.05.14"]
[SourceVersion "1"]
[SourceVersionDate "2017.05.14"]
[SourceQuality "1"]

1. e4 c5 2. Nf3 Nc6 3. d4 cxd4 4. Nxd4 Qb6 5. Nb3 Nf6 6. Nc3 e6 7. Bd3 a6 8. f4
d5 9. e5 Nd7 10. Qg4 Nc5 11. Nxc5 Qxc5 12. a3 g6 13. Nd1 Nd4 14. Ne3 Bd7 15.
O-O Bb5 16. Qd1 Nf5 17. Bxb5+ Qxb5 18. Nxf5 gxf5 19. Kh1 Rc8 20. a4 Qc4 21. c3
Bc5 22. Rf3 Rg8 23. b3 Qe4 24. Ra2 b5 25. axb5 axb5 26. Rd3 d4 27. cxd4 Bb4 28.
Be3 Qd5 29. h3 Kf8 30. Kh2 Rg6 31. Qf3 Qxf3 32. gxf3 {In the middlegame Gata
spoiled a promising position by nearly getting his queen trapped in the middle
of the board. At the cost of a pawn he managed to trade queens, but suddenly
he faltered.} Rc3 $2 {When your remaining rook is stuck on the other side?} ({
Of course, the right move was} 32... Be1 33. Bf2 (33. Rg2 Rxg2+ 34. Kxg2 {
and only now} Rc3 35. Rxc3 Bxc3 $11) 33... Bxf2 34. Rxf2 b4 35. Rfd2 Rc1 {
The miserable position of his king leaves White with no chances to win.} 36. d5
exd5 37. Rxd5 Rb1 38. R5d3 h5 $11) 33. Rxc3 Bxc3 34. Rc2 b4 {Tailspin.} ({
Still,} 34... Be1 35. Bf2 Bxf2 ({not} 35... Bb4 36. Bh4 {and suddenly it's the
black king who's in trouble.}) 36. Rxf2 b4 37. Ra2 Rg8 38. Ra4 Kg7 39. Rxb4 Rd8
40. Rc4 Rd5 {would leave some practical chances.}) 35. Bd2 Bxd4 36. Bxb4+ Ke8
37. Bc5 Bxc5 38. Rxc5 Kd7 39. b4 $1 $18 {Ray manages to get his pawn up just
in time. It is not going to queen, but it'll help his rook gain the 7th rank.}
Rg8 40. b5 h5 41. b6 Rb8 42. Rc7+ Kd8 43. Rxf7 Rxb6 44. Kg3 Rb4 45. Rh7 Ra4 46.
Rxh5 Ke7 47. Rh7+ Kf8 48. Rb7 Rc4 49. h4 Rc1 50. h5 Rh1 51. Rh7 Ke8 52. h6 Kf8
53. Rh8+ Kf7 54. h7 Rh6 {Now comes the elegant finish.} (54... Kg7 55. Re8 Kxh7
56. Rxe6 Kg7 57. Rf6 Rh5 58. Kf2 {and the king marches to e6.}) 55. Ra8 $1 Rxh7
56. Ra7+ Kg6 57. Rxh7 Kxh7 58. Kf2 {Ray gave up.} (58. Kf2 {not wanting to see}
Kg6 59. Ke3 Kh5 60. Kd4 Kh4 61. Kc5 Kg3 62. Kd6 Kxf3 63. Kxe6 Kxf4 64. Kf6 $1
Kg4 65. e6 f4 66. e7 f3 67. e8=Q f2 68. Qe2+ Kg3 69. Qf1 {played on the board.}
) 0-1

[Event "USA-ch"]
[Site "Saint Louis"]
[Date "2017.04.01"]
[Round "4"]
[White "Kamsky, Gata"]
[Black "Nakamura, Hikaru"]
[Result "1/2-1/2"]
[WhiteElo "2659"]
[BlackElo "2793"]
[Annotator "Moradiabadi,E"]
[PlyCount "60"]
[EventDate "2017.03.29"]
[EventType "tourn"]
[EventRounds "11"]
[EventCountry "USA"]
[EventCategory "18"]
[SourceTitle "CBM 178"]
[Source "ChessBase"]
[SourceDate "2017.05.14"]
[SourceVersion "1"]
[SourceVersionDate "2017.05.14"]
[SourceQuality "1"]

1. d4 Nf6 2. Nf3 e6 3. Bf4 d5 4. e3 c5 5. c3 Nc6 {Kamsky's pet line as White,
the very London System!} 6. Nbd2 cxd4 7. exd4 Nh5 {The new trend.} 8. Be3 {
Kamsky is prepared and has a different opinion.} ({At the London Classic,
Anish Giri instead played} 8. Bg5 {against Wesley So.} f6 9. Be3 Bd6 10. g3 O-O
11. Bg2 f5 12. Ne5 f4 13. Qxh5 fxe3 14. fxe3 Nxe5 (14... Bxe5 15. dxe5 {
would have given Wesley a serious advantage.}) 15. dxe5 Bc5 16. Rf1 Bxe3 17.
Rxf8+ Qxf8 18. Qf3 Qxf3 19. Nxf3 Bd7 20. Rd1 Rf8 21. c4 Bc6 22. Nd4 Bxd4 23.
Rxd4 Rf5 24. g4 Rxe5+ 25. Kf2 Kf7 26. b4 Ke7 27. b5 Bd7 28. b6 dxc4 29. Rxc4
axb6 30. Rc7 Rb5 31. Rxb7 Kd6 32. Kg3 h6 33. Rb8 Rb2 34. Bf3 b5 35. a4 b4 36.
a5 Rb3 37. Kg2 Bc6 38. Bxc6 Kxc6 39. a6 Ra3 40. Rxb4 Rxa6 41. h4 e5 42. Kf3 Kd5
43. Rb5+ Ke6 44. Rb7 Kf6 45. g5+ hxg5 46. hxg5+ Kg6 47. Re7 Ra5 48. Ke3 Rb5 49.
Kf3 Rb3+ 50. Kf2 Rb5 51. Kf3 Rd5 52. Ke3 e4 53. Kxe4 Rxg5 54. Kf3 Kh5 55. Re1
Rg4 56. Rh1+ Kg5 {1/2-1/2 (56) Giri,A (2771)-So,W (2794) London 2016}) 8... Bd6
9. Ne5 g6 10. g4 $146 {Kamsky's novelty, but it seems both players had
prepared it!} Ng7 11. h4 Nxe5 12. dxe5 Bxe5 13. Nf3 {Given the fact that the
players blitzed their moves up to this point, they must both have analysed
this position deeply before.} Bf6 14. h5 {The idea of a pawn sacrifice is to
address the awkward situation of the knight on g7.} O-O 15. Qd2 d4 $1 {Great
counter-strike in the centre which ensures comfortable equality. Please note
that Nakamura, who is facing the novelty, has played the five moves after it
in 5 seconds or less. Even this powerful shot was played in exactly ONE second!
} 16. cxd4 b6 17. hxg6 fxg6 18. Ne5 Bb7 19. Rh3 Rc8 20. Be2 Bg2 21. Rg3 Bd5 22.
Rh3 {} Bg2 23. Rg3 Be4 24. Rc1 Qd6 25. a3 Rxc1+ 26. Qxc1 Bxe5 27. dxe5 Qxe5 {
Komodo gives 0.00 at depth 42 here! White's pair of bishops and the weak
knight on g7 compensate for White's material deficiency!} 28. Qd2 Bd5 29. Bd4
Qe4 30. f3 Qf4 (30... Qf4 31. Qxf4 Rxf4 32. Be5 Rf8 33. Kf2 Rc8 34. Bd3 Rc1 35.
Rh3 Ne8 36. f4 {and the position is balanced because Black cannot play ...Nc7
due to f5.}) 1/2-1/2

[Event "USA-ch"]
[Site "Saint Louis"]
[Date "2017.04.04"]
[Round "6"]
[White "Caruana, Fabiano"]
[Black "Kamsky, Gata"]
[Result "1-0"]
[WhiteElo "2817"]
[BlackElo "2659"]
[Annotator "Moradiabadi,E"]
[PlyCount "79"]
[EventDate "2017.03.29"]
[EventType "tourn"]
[EventRounds "11"]
[EventCountry "USA"]
[EventCategory "18"]
[SourceTitle "CBM 178"]
[Source "ChessBase"]
[SourceDate "2017.05.14"]
[SourceVersion "1"]
[SourceVersionDate "2017.05.14"]
[SourceQuality "1"]

{The world no. 3 and defending champion scored his first victory of the
tournament by essaying a number of strong moves in 'always firey' white side
of the Sicilian Sveshnikov to move to joint second place at the hand of Gata
Kamsky, whose enterprising chess has not paid off so far as he is on -2 after
6 rounds.} 1. e4 c5 2. Nf3 Nc6 3. d4 cxd4 4. Nxd4 Nf6 5. Nc3 e5 6. Ndb5 d6 7.
Bg5 a6 8. Na3 b5 9. Bxf6 $5 {No more 'Karpov' style of handling Sveshnikov.
Caruana wants blood!} (9. Nd5 Be7 10. Bxf6 Bxf6 11. c3 {is of course the most
common way of handling the Sveshnikov.}) 9... gxf6 10. Nd5 Bg7 11. Bd3 $5 {
Another less common choice by Caruana. He might have caught Gata off-guard as
the development of the game from here is all in Caruana's favor.} Ne7 12. Nxe7
Qxe7 13. c3 f5 14. Nc2 f4 {After a long thought, Kamsky chose a rare and
slightly passive move. By pushing this pawn, Black kills all of his active
play in the centre with ...d5 and ...f5 as we will see in the game. Recent
handling of this line by two strong teenagers of the chess world seem to
promise more chances for Black than Kamsky's choice. Although, I am sure
Fabiano might have something there.} (14... Qg5 15. O-O (15. g3 $6 Bb7 16. Qe2
O-O 17. h4 Qf6 18. O-O-O d5 19. f3 Rfc8 20. Kb1 a5 21. Ne3 b4 22. cxb4 axb4 23.
Nxf5 Bf8 24. Rc1 b3 25. a3 Rcb8 26. Qe3 Kh8 27. exd5 Bxd5 28. Rhe1 Re8 29. g4
Qe6 30. Rc3 Ra5 31. Kc1 Bc5 32. Qh6 Qg6 33. Be4 Be6 34. h5 Qxh6+ 35. Nxh6 Be7
36. Nf5 Bg5+ 37. Ne3 Rd8 38. Kb1 Ra4 39. Rd1 Rad4 40. Rdc1 h6 41. Ka1 Rd2 42.
Rb1 Kg7 43. Nc4 Re2 44. Bf5 Bxf5 45. gxf5 Rc8 46. Rg1 Rc2 47. Rg4 e4 48. Rxb3
R2xc4 49. fxe4 Re8 50. Re3 Re5 51. b3 Rc2 52. b4 Kf6 53. Re1 Re8 54. Rd1 Ra8
55. Rd3 Re2 56. b5 Rc8 57. Rb3 Rc1+ 58. Rb1 Rcc2 59. Rb3 Be3 60. e5+ Kxe5 {
0-1 (60) Firouzja,A (2475)-Aravindh,C (2506) Moscow 2016}) 15... Bb7 16. f3 O-O
17. exf5 d5 {if I were to try my chances I would have chosen this line but
Kamsky might think that it is not a wise decision to opt for the main line
against a player like Caruana.}) 15. Qh5 h6 {Extremely rare.} (15... O-O 16.
O-O-O Be6 17. g3 {1-0 (69) Lafarga Santorroman,D (2639)-Kerr,S (2580) ICCF
email 2007. In fact there are only four games in this line, three of which are
in correspondence chess with two draws and a win for White.}) 16. Nb4 Be6 $4 {
After almost 20 minutes thought, Kamksy blunders a pawn! The game is basically
over after this!} (16... Bb7 17. O-O O-O 18. Rfe1 Qg5 19. Qxg5 hxg5 20. f3 Rab8
21. a4 a5 22. Nc2 {1/2-1/2 (22) Besztercsenyi,T (2270)-Ladanyi,T (2215)
Hungary 1999}) 17. Nxa6 O-O 18. Nb4 f5 {Kamsky tries to complicate matters but
Caruana's technique is flawless in this game.} 19. O-O $1 (19. exf5 Bf7 20. Qe2
(20. Qf3 e4 {with complications}) 20... d5 {is unnecessary}) 19... fxe4 20.
Bxe4 Rac8 21. Rad1 {White is dominating light squares. The game is
strategically over!} Rc4 22. Qg6 Rxe4 {Desparation....} 23. Qxe4 f3 24. Nd5 Qg5
25. g3 Rf7 26. Kh1 Bh3 27. Rfe1 Bf5 28. Qb4 Bf8 29. Qxb5 h5 30. Ne3 {} Bh3 31.
Qc4 Qg6 32. a4 Kh8 33. Qh4 Be6 34. a5 e4 35. Qd8 Kh7 36. a6 Bh6 37. Qb6 h4 38.
g4 Bxg4 39. Rg1 Bxe3 40. Qxe3 {Time control is reached and Gata decides that
he has had 'enough'.} 1-0

[Event "USA-ch"]
[Site "Saint Louis"]
[Date "2017.04.05"]
[Round "7"]
[White "Kamsky, Gata"]
[Black "Naroditsky, Daniel"]
[Result "1-0"]
[WhiteElo "2659"]
[BlackElo "2646"]
[Annotator "Yermolinsky,A"]
[PlyCount "89"]
[EventDate "2017.03.29"]
[EventType "tourn"]
[EventRounds "11"]
[EventCountry "USA"]
[EventCategory "18"]
[SourceTitle "CBM 178"]
[Source "ChessBase"]
[SourceDate "2017.05.14"]
[SourceVersion "1"]
[SourceVersionDate "2017.05.14"]
[SourceQuality "1"]

1. e4 e5 2. Nf3 Nc6 3. Bb5 a6 4. Ba4 Nf6 5. O-O Be7 6. Re1 b5 7. Bb3 d6 8. c3
O-O 9. d4 {Kamsky has had great success with this line throughout his career:
+9 -2, not counting draws.} Bg4 10. d5 Na5 11. Bc2 c6 12. h3 Bc8 13. dxc6 Qc7
14. Nbd2 Qxc6 15. Nf1 Nc4 16. Ng3 Re8 17. a4 Bb7 (17... Be6 18. Ng5 Bd7 19. b3
Na5 20. Bd2 {is another popular line.}) 18. Qe2 Nb6 $6 {An early novelty by
Dan. Judging by his subsequent play, it might have been accidental.} ({Among
many games I'll single out Kamsky-Eljanov, 2009.} 18... Bf8 19. Bg5 Nd7 20. b3
Ncb6 21. a5 Nc8 {White has pushed the black knight back, but at the cost of
weakening his c3-pawn. In this situation Gata attempted an interesting pawn
sac,} 22. c4 bxc4 23. Rec1 {but failed to take advantage of his chances and
ultimately lost the game.}) 19. axb5 axb5 20. Bg5 Qd7 $2 {Failing to trade the
white rook before it escapes the useless a-file is a grave error.} (20... Rxa1
21. Rxa1 h6 22. Bxf6 Bxf6 {is tenable, because after} 23. Bd3 Nc4 24. b3 Nb6 {
the c3-pawn and later Ra1 also hang.} 25. Rc1 Ba6 {etc.}) 21. Rad1 {White has
emerged with a substantial advantage.} Bd8 22. Nf5 Nc8 {Accepting his fate.} (
22... d5 23. exd5 e4 {is not exactly sufficient, but it might have been worth
trying.}) 23. Bxf6 Bxf6 24. Bb3 {Why can't White get a position like this from
the Najdorf?} Ra6 25. Qd3 Rd8 26. Nh2 Ne7 27. Ng4 $1 Nxf5 28. exf5 {The pawn
has moved away, but Gata keeps a firm grip on the the key d5-square.} Qc6 29.
Ne3 (29. Bd5 {was another way to get there} Qxd5 $2 30. Nxf6+ gxf6 31. Qg3+)
29... Qc5 30. Bd5 Bc8 31. Be4 b4 32. Nd5 ({A pawn sac,} 32. cxb4 Qxb4 33. Nd5
Qxb2 34. Qf3 {maintains White's advantage, but then Black can put up some
resistance by giving the rook for Nd5:} Ra5 35. Qh5 Rxd5 36. Bxd5 Rf8) 32...
bxc3 33. b4 Qa7 34. b5 $1 {Gata Kamsky never looks back. Party like it's 1995
again!} Ra3 35. b6 Qa4 (35... Qa6 36. Qxa6 Bxa6 37. Ra1 $1 {trading the last
black piece worthy of note.}) 36. Rc1 Ba6 37. Qg3 Kf8 38. Rxc3 Ra1 39. Rxa1
Qxa1+ 40. Kh2 Qb2 41. Rc7 Qd4 42. Nxf6 gxf6 43. Qh4 {In the end it's the black
king that dies.} Qxb6 44. Qh6+ Kg8 (44... Ke8 45. Bc6+ Rd7 46. Bxd7+ Ke7 47.
Qc1) 45. Rc3 1-0